书目信息 |
| 题名: |
掉在地上的饼干能吃吗
|
|
| 作者: | 马克苏拉克 著 ;蔡承志 译 | |
| 分册: | ||
| 出版信息: | 上海 上海科技教育出版社 2011.12 |
|
| 页数: | 262页, [2] 叶图版 | |
| 开本: | 24cm | |
| 丛书名: | “让你大吃一惊的科学”系列丛书 | |
| 单 册: | ||
| 中图分类: | Q939-49 , Q939 | |
| 科图分类: | ||
| 主题词: | 微生物--Wei Sheng Wu--普及读物 | |
| 电子资源: | ||
| ISBN: | 978-7-5428-5269-4 | |
| 000 | 01483cam 2200325 450 | |
| 001 | 2348683269 | |
| 005 | 20231109094750.84 | |
| 010 | @a978-7-5428-5269-4@dCNY58.00 | |
| 100 | @a20120118d2011 em y0chiy50 ea | |
| 101 | 1 | @achi@ceng |
| 102 | @aCN@b310000 | |
| 105 | @aaf z 000yy | |
| 200 | 1 | @a掉在地上的饼干能吃吗@ADiao Zai Di Shang De Bing Gan Neng Chi Ma@e有关微生物de必要常识@f(美) 安妮·E. 马克苏拉克著@g蔡承志译 |
| 210 | @a上海@c上海科技教育出版社@d2011.12 | |
| 215 | @a262页, [2] 叶图版@c图@d24cm | |
| 225 | 2 | @a“让你大吃一惊的科学”系列丛书@A“ rang ni da chi yi jing de ke xue ” xi lie cong shu |
| 306 | @a经Running Press, a Member of Perseus Books Group授权出版 | |
| 312 | @a原文题名取自原文版权页 | |
| 330 | @a本书用通俗的语言和有关微生物的奇闻逸事,循序渐进地介绍了形形色色的微生物的知识、相关疾病的传染途径和预防感染的方法,为读者清晰地勾勒出显微镜下的神秘世界。 | |
| 410 | 0 | @12001 @a“让你大吃一惊的科学”系列丛书 |
| 500 | 10 | @aFive-second rule and other myths about germs : what everyone should know about bacteria, viruses, mold, and mildew@mChinese |
| 517 | 1 | @a有关微生物de必要常识@AYou Guan Wei Sheng Wu De Bi Yao Chang Shi |
| 606 | 0 | @a微生物@AWei Sheng Wu@j普及读物 |
| 690 | @aQ939-49@v5 | |
| 690 | @aQ939@v4 | |
| 701 | 1 | @a马克苏拉克@Ama ke su la ke@g(Maczulak, Anne Elizabeth),@f1954-@4著 |
| 702 | 0 | @a蔡承志@ACai Cheng Zhi@4译 |
| 801 | 0 | @aCN@b山东中教@c20230926 |
| 801 | 2 | @aCN@b山东中教@c20230926 |
| 905 | @aBZT@dQ939@e76 | |
| 掉在地上的饼干能吃吗:有关微生物de必要常识/(美) 安妮·E. 马克苏拉克著/蔡承志译.-上海:上海科技教育出版社,2011.12 |
| 262页, [2] 叶图版:图;24cm.-(“让你大吃一惊的科学”系列丛书) |
| ISBN 978-7-5428-5269-4:CNY58.00 |
| 本书用通俗的语言和有关微生物的奇闻逸事,循序渐进地介绍了形形色色的微生物的知识、相关疾病的传染途径和预防感染的方法,为读者清晰地勾勒出显微镜下的神秘世界。 |
| ● |
| 相关链接 |
|
|
|
正题名:掉在地上的饼干能吃吗
索取号:Q939/76
 
预约/预借
| 序号 | 登录号 | 条形码 | 馆藏地/架位号 | 状态 | 备注 |
| 1 | 2000962859 | 2000962859 | 315书库/四29架A面5层1列/ [索取号:Q939/76] | 在馆 | |
| 2 | 2000962860 | 2000962860 | 315书库/四29架A面5层1列/ [索取号:Q939/76] | 在馆 | |
| 3 | 2000962861 | 2000962861 | 315书库/四29架A面5层1列/ [索取号:Q939/76] | 在馆 | |
| 4 | 2000962862 | 2000962862 | 315书库/四29架A面5层1列/ [索取号:Q939/76] | 在馆 | |
| 5 | 2000962863 | 2000962863 | 315书库/四29架A面5层1列/ [索取号:Q939/76] | 在馆 | |
| 6 | 2000962864 | 2000962864 | 315书库/四29架A面5层1列/ [索取号:Q939/76] | 在馆 |